|
|
|
|
| LEADER |
01193ppm a22003018a 4500 |
| 001 |
00031335 |
| 005 |
20171026081025.0 |
| 008 |
131129s2012 ||||||viesd |
| 041 |
0 |
# |
|a vie
|
| 082 |
1 |
4 |
|a 005.7
|b GI103TH
|
| 100 |
1 |
# |
|a Huỳnh, Lê Uyên Minh
|
| 245 |
0 |
0 |
|a Giải thuật rừng ngẫu nhiên xiên phân cho phân lớp đa lớp
|b Luận văn thạc sĩ công nghệ thông tin. Chuyên ngành: Hệ thống thông tin. Mã số: 60.48.05
|c Huỳnh Lê Uyên Minh; Đỗ Thanh Nghị (hướng dẫn)
|
| 260 |
# |
# |
|a Cần Thơ
|b Đại học Cần Thơ
|c 2012
|
| 300 |
# |
# |
|b minh họa
|a 86 tr.
|c 30cm.
|
| 500 |
# |
# |
|a ĐTTTS ghi: Bộ giáo dục và đào tạo. Trường Đại học Cần Thơ
|
| 653 |
# |
# |
|a Dữ liệu
|
| 653 |
# |
# |
|a Giải thuật
|
| 653 |
# |
# |
|a Luận văn
|
| 653 |
# |
# |
|a Khoa học máy tính
|
| 700 |
1 |
# |
|a Đỗ, Thanh Nghị
|e Hướng dẫn
|
| 852 |
# |
# |
|j LV.0000473
|
| 852 |
# |
# |
|b Kho đọc SĐH
|j LV.0000473
|
| 910 |
|
|
|d 29/11/2013
|
| 980 |
# |
# |
|a Trung tâm Học liệu Lê Vũ Hùng, Trường Đại học Đồng Tháp
|